|
|
|
|
| LEADER |
00000nab a2200000 a 4500 |
| 001 |
vtls000635489 |
| 003 |
SK-MaSNL |
| 005 |
20260303194409.0 |
| 008 |
140422c1997 xo 0 slo |
| 015 |
|
|
|a SNBRB19rr/mm-uuuuu
|
| 035 |
|
|
|a CL0635628
|
| 040 |
|
|
|a SNKBUCL
|b slo
|c SNKBUCL
|e AACR2
|
| 041 |
0 |
|
|a slo
|
| 044 |
|
|
|a xo
|c SK
|
| 080 |
|
|
|a 792.5:78.091.4
|2 1981
|
| 080 |
|
|
|a 78.091.4
|2 1981
|
| 100 |
1 |
|
|a Bulla, Marián,
|d 1939-
|4 aut
|9 185524
|
| 245 |
1 |
0 |
|a Boris Godunov v Salzburgu
|b So Slovenským filharmonickým zborom
|c Marián Bulla
|
| 500 |
|
|
|a Réžia Herbert Wernicke
|
| 600 |
1 |
7 |
|a Musorgskij, Modest Petrovič,
|d 1839-1881
|t Boris Godunov
|2 snkbucl
|9 114453
|
| 610 |
2 |
7 |
|a Slovenský filharmonický zbor
|2 snkbucl
|9 33338
|
| 611 |
2 |
7 |
|a Salzburger Festspiele
|d (1997 :
|c Salzburg, rakúsko)
|2 snkbucl
|9 1226549
|
| 655 |
|
7 |
|a recenzie
|2 snkbucl
|9 21907
|
| 773 |
0 |
|
|t Literárny týždenník
|g Roč. 10, č. 36 (1997), s. 15
|x 0862-5999
|
| 850 |
|
|
|a Slovenská národná knižnica v Martine
|a MTA001
|
| 852 |
|
|
|a SNK
|b KIS3GCP
|
| 958 |
|
|
|a AT
|
| 958 |
|
|
|a RK
|
| 992 |
|
|
|a RBX
|
| 999 |
|
|
|c 2157300
|d 2159230
|